Italy, Germany, France or Spain? - Statistics

General Stats
  • This quiz has been taken 38 times
  • The average score is 12 of 16
Answer Stats
Question Answer % Correct
Italy
100%
Germany
100%
Spain
100%
Spain
100%
Germany
100%
France
100%
Italy
100%
Italy
86%
Spain
86%
France
71%
Italy
71%
Germany
57%
France
57%
Germany
43%
Spain
29%
France
14%
No matching quizzes found
Score Distribution
Percent of People with Each Score
Percentile by Number Answered
Your Score History
You have not taken this quiz